000 00573nam a2200181Ia 4500
005 20250508151309.0
008 008 250505s9999 xx 000 0 eng d
037 _aTextual
040 _aFEDL
_beng
_cFEDL
041 _aeng
_2eng
084 _a371.335 8, SIE
_qFEDL
100 _aSiepmann Charles A
_9758810
245 0 _aTelevision and education : In the United States
260 _aParis, France
_bUnited Nation Educational Scientfic and Cultural Orgnization
_c1953
300 _a131p
942 _cTEXL
_h371.335 8, SIE
999 _c1328914
_d1328914